MARC

LEADER 00000nam0a2200000 4500
001 295611
005 20231102000827.0
035 |a (RuTPU)RU\TPU\book\320699 
090 |a 295611 
100 |a 20150525d1984 k y0rusy50 ca 
101 0 |a rus 
102 |a UA 
105 |a ab z 001zy 
200 1 |a Общая и региональная палеогеография  |e сборник научных трудов  |f Академия наук Украинской ССР (АН УССР), Институт геофизики (ИГФ) ; под ред. М. Ф. Беклича 
210 |a Киев  |c Наукова думка  |d 1984 
215 |a 204 с.  |c ил. 
320 |a Библиография в конце статей 
606 1 |a Палеогеография  |2 stltpush  |3 (RuTPU)RU\TPU\subj\47964  |9 66847 
610 1 |a региональная петрография 
610 1 |a палеопедология 
610 1 |a палеобиогеографические исследования 
610 1 |a палеогеоморфология 
610 1 |a корреляция 
610 1 |a принципы 
610 1 |a методика 
610 1 |a плейстоцен 
610 1 |a криогенные явления 
610 1 |a почвообразование 
610 1 |a угленосные толщи 
610 1 |a Украина 
610 1 |a Донбасс 
610 1 |a минералогический состав 
610 1 |a растительность 
610 1 |a фауна 
610 1 |a голоцен 
610 1 |a Приднепровье 
675 |a 551.8  |v 4 
702 1 |a Беклич  |b М. Ф.  |4 340 
712 0 2 |a Академия наук Украинской ССР (АН УССР)  |b Институт геофизики (ИГФ)  |c (Киев)  |2 stltpush  |3 (RuTPU)RU\TPU\col\13865 
801 1 |a RU  |b 63413507  |c 20150525 
801 2 |a RU  |b 63413507  |c 20181026  |g RCR 
942 |c BK